Faslul Khitab Fi Muttabi Abdul Wahab : / فصل الخطا ب فی متبعی عبد الوھا ب (Record no. 26554)

MARC details
000 -LEADER
fixed length control field 00537nam a22001697a 4500
003 - CONTROL NUMBER IDENTIFIER
control field BDDh-ASL
005 - DATE AND TIME OF LATEST TRANSACTION
control field 20231015030645.0
008 - FIXED-LENGTH DATA ELEMENTS--GENERAL INFORMATION
fixed length control field 211013n ii ||||| |||| 00| 0 u d
040 ## - CATALOGING SOURCE
Original cataloging agency BDDh-ASL
Transcribing agency BDDh-ASL
082 ## - DEWEY DECIMAL CLASSIFICATION NUMBER
Classification number 297.3
Item number KHF
100 1# - MAIN ENTRY--PERSONAL NAME
9 (RLIN) 4994
Personal name Khan, Mohammad Abdul Baki
245 10 - TITLE STATEMENT
Title Faslul Khitab Fi Muttabi Abdul Wahab : / فصل الخطا ب فی متبعی عبد الوھا ب
260 ## - PUBLICATION, DISTRIBUTION, ETC.
Place of publication, distribution, etc. Lucknow :
Name of publisher, distributor, etc. Yusufi Press ,
300 ## - PHYSICAL DESCRIPTION
Extent 60 p. :
Dimensions 25 cm.
650 #0 - SUBJECT ADDED ENTRY--TOPICAL TERM
9 (RLIN) 1652
Topical term or geographic name entry element Islam
Form subdivision Islamic Discourse
942 ## - ADDED ENTRY ELEMENTS (KOHA)
Source of classification or shelving scheme Dewey Decimal Classification
Koha item type Books
Holdings
Withdrawn status Lost status Source of classification or shelving scheme Damaged status Not for loan Collection code Home library Current library Shelving location Date acquired Source of acquisition Serial Enumeration / chronology Total Checkouts Full call number Barcode Date last seen Copy number Price effective from Koha item type
    Dewey Decimal Classification     Non-fiction Asiatic Society Library Asiatic Society Library General Stacks 10/13/2021 ASB Library Collection U-0263   297.3 KHF 112592 10/13/2021 C-1 10/13/2021 Books

Powered by Koha